000 01011cab a2200205 4500
001 WB4004-02
008 040129n2004 000 0 eng u
035 _a(Sirsi) u124961
245 _aEuropean innovative timber and composite components project
260 _c2004
490 _aBRE News Release
_v18 January 2004 (1)
520 _aA European Cooperation in Science and Technology four-year project has been set up to promote the use of innovative timber/composite elements and components. It will investigate aspects of their design, manufacture and construction, also fire safety, acoustic and thermal performance and environmental impacts and durability. Further information is available from http://www.enmadera.info/cost/E29. http://www.bre.co.uk/news.jsp?id=189
590 _aWB
650 _aTIMBER
650 _aCOMPOSITES
650 _aCOMPOSITE BUILDING SYSTEMS
650 _aEUROPEAN COOPERATION IN SCIENCE AND TECHNOLOGY
690 _aBUILT ENVIRONMENT-BUILDING MATERIALS
942 _n0
999 _c74090
_d74090